A practical approach to robustness analysis with aeronautical applications / (Record no. 593965)

000 -LEADER
fixed length control field 01336cam a22003014a 4500
001 - CONTROL NUMBER
control field 4996249
005 - DATE AND TIME OF LATEST TRANSACTION
control field 20230321142921.0
008 - FIXED-LENGTH DATA ELEMENTS--GENERAL INFORMATION
fixed length control field 990629s1999 nyua b 001 0 eng
010 ## - LIBRARY OF CONGRESS CONTROL NUMBER
LC control number 99036682
020 ## - INTERNATIONAL STANDARD BOOK NUMBER
International Standard Book Number 0306462834
040 ## - CATALOGING SOURCE
Original cataloging agency DLC
Transcribing agency DLC
Modifying agency DLC
042 ## - AUTHENTICATION CODE
Authentication code pcc
050 00 - LIBRARY OF CONGRESS CALL NUMBER
Classification number TL671
Item number .F38 1999
082 00 - DEWEY DECIMAL CLASSIFICATION NUMBER
Classification number 519
Edition number 21
Author Mark FER
100 1# - MAIN ENTRY--PERSONAL NAME
Personal name Ferreres, Gilles.
9 (RLIN) 110921
245 12 - TITLE STATEMENT
Title A practical approach to robustness analysis with aeronautical applications /
Statement of responsibility, etc. Gilles Ferreres.
260 ## - PUBLICATION, DISTRIBUTION, ETC.
Place of publication, distribution, etc. New York :
Name of publisher, distributor, etc. Kluwer Academic,
Date of publication, distribution, etc. c1999.
300 ## - PHYSICAL DESCRIPTION
Extent xxv, 205 p. :
Other physical details ill. ;
Dimensions 26 cm.
504 ## - BIBLIOGRAPHY, ETC. NOTE
Bibliography, etc. note Includes bibliographical references (p. 197-202) and index.
650 #0 - SUBJECT ADDED ENTRY--TOPICAL TERM
Topical term or geographic name entry element Aeronautics
General subdivision Systems engineering
-- Mathematics.
9 (RLIN) 110922
650 #0 - SUBJECT ADDED ENTRY--TOPICAL TERM
Topical term or geographic name entry element Airplanes
General subdivision Reliability
-- Mathematical models.
9 (RLIN) 110923
856 42 - ELECTRONIC LOCATION AND ACCESS
Materials specified Publisher description
Uniform Resource Identifier <a href="http://www.loc.gov/catdir/enhancements/fy0820/99036682-d.html">http://www.loc.gov/catdir/enhancements/fy0820/99036682-d.html</a>
856 41 - ELECTRONIC LOCATION AND ACCESS
Materials specified Table of contents only
Uniform Resource Identifier <a href="http://www.loc.gov/catdir/enhancements/fy0820/99036682-t.html">http://www.loc.gov/catdir/enhancements/fy0820/99036682-t.html</a>
906 ## - LOCAL DATA ELEMENT F, LDF (RLIN)
a 7
b cbc
c orignew
d 1
e ocip
f 19
g y-gencatlg
942 ## - ADDED ENTRY ELEMENTS (KOHA)
Source of classification or shelving scheme
Koha item type Book
Holdings
Withdrawn status Lost status Source of classification or shelving scheme Damaged status Not for loan Permanent Location Current Location Shelving location Date acquired Full call number Barcode Date last seen Price effective from Koha item type
          School of Mechanical & Manufacturing Engineering (SMME) School of Mechanical & Manufacturing Engineering (SMME) Aerospace Engineering 03/21/2023 519 FER SMME-4180 03/21/2023 03/21/2023 Book
© 2023 Central Library, National University of Sciences and Technology. All Rights Reserved.